1928 1873 1120 1412 1796 1399 1618 1455 1399 1334 1599 1611 1615 1039 1203 1433 1519 1687 1772 1961 1109 1697 1496 1100 1161 1464 1783 1180 1177 1575 1924 1511 1313 1082 1297 1653 1402 1133 1501 1793 1667 1424 1331 1849 1825 1889 1431 1191 1598 1830 1316 1301 1833 1617 1667 1998 1667 1785 1025 1505 1056 1599 1793 1232 1063 1285 1546 1098 1020 1713 1126 1021 1131 1790 1440 1006 1689 1984 1395 1873 1279 1839 1745 1202 1654 1453 1625 1572 1281 1913 1657 1217 1524 1827 1417 1378 1858 1520 1155 BCNSPRNW ULIB Ver.6.0+V

เปลี่ยนเป็นภาษาไทย

Change to English
 แสดงรายละเอียดบรรณานุกรม
  กลับหน้าหลัก

Brief Record : Get Marc (ISO 2709) : E-mail record : QR code < ปิดหน้าต่าง
LEADER : 00000nam 2200000uu 4500
001    13399120314
003     ULIB
008    120918s2552||||th 000 0 tha d
020    ^a9786167004020
060    ^aQV767^bจ167ค 2552
100    ^aจริยา เดชกุญชร
245    ^aเครื่องดื่มและน้ำสมุนไพรเพื่อสุขภาพ/^cจริยา เดชกุญชร
250    ^aพิมพ์ครั้งที่ 2
260    ^aกรุงเทพฯ:^bเพชรการเรือน,^c2552
300    ^a82 หน้า^bภาพประกอบสี
650    ^aน้ำสมุนไพร
945    ^p180^l0^i17756
995    ^aกัณชพร
999    ^aใช้งานได้ทุกระบบ
รายการนี้ยังไม่มีแท็ก
คุณยังไม่ได้ล็อกอิน คุณสามารถมีกิจกรรมร่วมกับเว็บไซต์ได้ แต่ต้องล็อกอินก่อน ::
  ล็อกอิน

รายการสื่อสารสนเทศ

ลำดับที่ ประเภท เลขเรียก/บาร์โค้ด สถานที่ สถานะ
1. วิทยาศาสตร์การแพทย์ และสุขภาพ
วิทยาศาสตร์การแพทย์ และสุขภาพ
QV767 จ167ค 2552  
  Barcode: 17756
ห้องสมุดวิทยาเขตนครสวรรค์
►ส่วนจัดเก็บหนังสือเก่า นว.
บนชั้น
  ขอยืม

รายการใกล้เคียง
    ผู้แต่ง [จริยา เดชกุญชร]

    หัวเรื่อง [น้ำสมุนไพร]

BibComment


ยังไม่เคยถูกคอมเมนท์

คอมเมนท์ทรัพยากรรายการนี้
  คอมเมนท์: เครื่องดื่มและน้..


 Copyright 2026. Bcnsprnw @Library